01517nam a22001937a 450000500170000000800410001702000150005804000070007304100120008008200220009210000200011424500520013426000370018630000300022352009950025365000210124865000320126970000220130120220504102429.0220504b ||||| |||| 00| 0 eng d a1864484683 cAL aEnglish 223a338.092bMCDP aHamish McDonald aPolyester Prince: The Rise of Dhirubhai Ambani aAustraliabAllen and Unwinc1998 axxi,273 p.bPBc21x14 cm. aDhirubhai Ambani's life is a rags-to-riches story, from Bombay's crowded pavements and bazaars to the city's extravagantly wealthy social circles where business tycoons, stockmarket speculators, smugglers, politicians and Hindi film stars mingle, make money, make and break marriages and carry out prolonged feuds-sometimes violent, often histrionic. Until the arrival of Ambani, India's big business scene was dominated by a few industrial houses from British times. In just 26 years since its foundation, Ambani's Reliance group has risen to rival these houses. By 1995 the group had 2.6 million investors. Along with the dramatic expansion of the Reliance Group have come intricate political connections, a whole raft of corruption charges and a rollercoaster of booms and crashes for Ambani and his company. This study shows how capitalism emerges by fair means and foul in the new industrial countries of the Third World, and is one of very few studies of Asian or Third World tycoons. aAmbani Dhirubhai aBusinessmen India Biography aMCDONALD (Hamish)